El lodo y la nieve / (Registro nro. 13487)
[ vista simple ]
| 000 -LIDER | |
|---|---|
| fixed length control field | 00940nam a22002777a 4500 |
| 003 - IDENTIFICACDOR DE NÚMERO DE CONTROL | |
| control field | DO-SdBNP |
| 005 - DATE AND TIME OF LATEST TRANSACTION | |
| control field | 20210513075541.0 |
| 008 - ELEMENTOS DE LONGITUD FIJA | |
| fixed length control field | 210507b2020 dr | 00| 0 spa d |
| 020 ## - ISBN | |
| International Standard Book Number | 9789945503715 |
| 040 ## - FUENTE DE CATALOGACIÓN | |
| Agencia que crea de manera original el registro | BPMSU |
| Enlace | spa |
| Agencia que realiza la transcripción | BPMSU |
| 082 ## - NÚMERO DE CLASIFICACIÓN DECIMAL DE DEWEY | |
| Classification number | RD863.5 |
| Item number | A185L 2020 |
| Edition number | 22 |
| 100 1# - ASIENTO PRINCIPAL -- NOMBRE PERSONAL | |
| Nombre personal | Acosta, José |
| Mención de responsabilidad | 1964- |
| 245 13 - MENCIÓN DE TITULO | |
| Título | El lodo y la nieve / |
| Mención de responsabilidad | José Acosta |
| 260 ## - PUBLICACIÓN, DISTRIBUCIÓN, ETC. (PIE DE IMPRENTA) | |
| Lugar de publicación, distribución, etc | Santo Domingo: |
| Nombre del editor, distribuidor, etc. | Ministerio de Cultura ; |
| -- | Editora Nacional |
| Fecha de publicación, distribución, etc | 2020 |
| 300 ## - DESCRIPCIÓN FÍSICA | |
| Extensión | 306 p. : |
| Dimensiones | 21 cm. |
| 490 0# - MENCIÓN DE SERIES | |
| Mención de serie | Narrativa |
| 500 ## - NOTA GENERAL | |
| Materiales especificados | Incluyes datos Biográficos de autor el la solapa de la cubierta |
| 500 ## - NOTA GENERAL | |
| Materiales especificados | Jurado : Rafael Castillo Alba, Ángel Luis Arambilet y León David |
| 586 ## - AWARDS NOTE | |
| Awards note | Premio Anual de novela Manuel de Jesús Galván 2019 |
| 590 ## - NOTA LOCAL | |
| Enlace | Inventariado, 2021/ VM |
| 650 #4 - ENCABEZAMIENTO DE MATERIA--TEMÁTICO | |
| Término temático o nombre geográfico como elemento de entrada | Certamenes literarios |
| Subdivisión geográfica | República dominicana |
| 650 #4 - ENCABEZAMIENTO DE MATERIA--TEMÁTICO | |
| Término temático o nombre geográfico como elemento de entrada | Novelas dominicanas |
| 650 #4 - ENCABEZAMIENTO DE MATERIA--TEMÁTICO | |
| Término temático o nombre geográfico como elemento de entrada | Literatura dominicana |
| 910 ## - VALIDACIÓN | |
| Validación | VMateo |
| 942 ## - ADDED ENTRY ELEMENTS (KOHA) | |
| Source of classification or shelving scheme | Dewey Decimal Classification |
| Koha item type | Libros |
| Withdrawn status | Lost status | Source of classification or shelving scheme | Damaged status | Not for loan | Collection code | Home library | Current library | Date acquired | Source of acquisition | Coded location qualifier | Full call number | Barcode | Date last seen | Price effective from | Koha item type | Copy number | Uniform Resource Identifier |
|---|---|---|---|---|---|---|---|---|---|---|---|---|---|---|---|---|---|
| Dewey Decimal Classification | Colección Dominicana | Biblioteca Pública Metropolitana Salomé Ureña | Biblioteca Pública Metropolitana Salomé Ureña | 05/13/2021 | Editora Nacional | BPMSU CD RD863.5 A185L 2020 | BPMSU21050062 | 05/13/2021 | 05/13/2021 | Libros | |||||||
| Dewey Decimal Classification | Colección Dominicana | Biblioteca Pública Metropolitana Salomé Ureña | Biblioteca Pública Metropolitana Salomé Ureña | 05/13/2021 | Editora Nacional | BPMSU CD RD863.5 A185L 2020 | BPMSU21050063 | 05/13/2021 | 05/13/2021 | Libros | e.2 | ||||||
| Dewey Decimal Classification | Colección Dominicana | Biblioteca Pública Metropolitana Salomé Ureña | Biblioteca Pública Metropolitana Salomé Ureña | 05/13/2021 | Editora Nacional | BPMSU CD RD863.5 A185L 2020 | BPMSU21050064 | 05/13/2021 | 05/13/2021 | Libros | e.3 |